Izquierdas e izquierdas otras. Entre el proyecto de la izquierda eurocéntrica y el proyecto transmoderno de las nuevas izquierdas descoloniales /
Se presentan la necesidad de un diálogo global entre la izquierda europea y la izquierda que surge en las excolonias. Se plantean otras maneras de articular las relaciones inter-culturales desde una perspectiva de las subalternidades producidas desde el sur. Se critica que muy pocos intelectuales de...
Zapisane w:
| 1. autor: | |
|---|---|
| Format: | Texto |
| Hasła przedmiotowe: | |
| Etykiety: |
Dodaj etykietę
Nie ma etykietki, Dołącz pierwszą etykiete!
|
MARC
| LEADER | 00000 a a2200000 04500 | ||
|---|---|---|---|
| 001 | 41509 | ||
| 003 | |||
| 040 | |||
| 100 | |a Grasfoguel, Ramón | ||
| 245 | |a Izquierdas e izquierdas otras. Entre el proyecto de la izquierda eurocéntrica y el proyecto transmoderno de las nuevas izquierdas descoloniales / |c Ramón Grosfoguel | ||
| 520 | |a Se presentan la necesidad de un diálogo global entre la izquierda europea y la izquierda que surge en las excolonias. Se plantean otras maneras de articular las relaciones inter-culturales desde una perspectiva de las subalternidades producidas desde el sur. Se critica que muy pocos intelectuales de izquierda europeos plantean la descolonización del conocimiento y asimilan aportes producidos desde el Sur Global, debido a que existe un marcado eurocentrismo ideológico. | ||
| 590 | |a EFU/DICIEMBRE2011 | ||
| 650 | |a TEORIA | ||
| 650 | |a GLOBALIZACION | ||
| 650 | |a PLURALISMO CULTURAL | ||
| 650 | |a ETNOCENTRISMO | ||
| 650 | |a RELACIONES DE PODER | ||
| 650 | |a HEGEMONIA | ||
| 773 | |g 11(2009), páginas 9-29 | ||
| 999 | |c 28831 |d 28831 | ||
